Narcotics interdiction and the use of the military : bibliography-in-brief, 1982-1989 /

Bibliographic Details
Main Author: Shapiro, Sherry
Corporate Author: Library of Congress. Congressional Research Service
Format: Microform Book
Language:English
Published: [Washington, D.C.] : Congressional Research Service, Library of Congress, [1989]
Series:Major studies and issue briefs of the Congressional Research Service. Supplement ; 1989-90, reel 8, fr. 00732.
Subjects:

MARC

Tag First Indicator Second Indicator Subfields
LEADER 00000cam a2200000 a 4500
001 in00001373607
005 20151006084848.0
007 hd afa014baca
008 960517s1989 dcu ab f000 0 eng d
035 |a (OCoLC)34749288 
035 |9 AHJ6303AM 
040 |a UP3  |c UP3  |d UtOrBLW 
043 |a n-us--- 
049 |a TXAI 
090 |a JK1108  |b .M35 Suppl. 1989/90 reel 8 
099 |a film  |a S  |a 1707  |a 1989-90, reel 8, fr. 00732. 
100 1 |a Shapiro, Sherry. 
245 1 0 |a Narcotics interdiction and the use of the military :  |b bibliography-in-brief, 1982-1989 /  |c Sherry B. Shapiro. 
264 1 |a [Washington, D.C.] :  |b Congressional Research Service, Library of Congress,  |c [1989] 
300 |a 15 pages ;  |c 28 cm. 
336 |a text  |b txt  |2 rdacontent 
337 |a microform  |b h  |2 rdamedia 
338 |a microfilm reel  |b hd  |2 rdacarrier 
500 |a Cover title. 
500 |a At head of title: CRS report for Congress. 
500 |a "July 1989." 
500 |a "89-452 L." 
533 |a Microfilm.  |b Arlington, Va. :  |c University Publications of America,  |d 1990.  |e on 1 microfilm reel ; 35 mm. Low reduction.  |f (Major studies and issue briefs of the Congressional Research Service. 1989-1990 supplement ; reel 8, fr. 00732). 
500 |a Microform. 
650 0 |a Drug control  |z United States  |x Bibliography. 
651 0 |a United States  |x Armed Forces  |x Civic action  |x Bibliography. 
710 2 |a Library of Congress.  |b Congressional Research Service. 
830 0 |a Major studies and issue briefs of the Congressional Research Service.  |p Supplement ;  |v 1989-90, reel 8, fr. 00732. 
999 |a MARS 
999 f f |s 7eefb97f-d6de-3ea6-9165-15d048c18001  |i ad00b7a0-9a8e-3c08-922c-b6d537e0c3ec  |t 0 
952 f f |p default  |a Texas A&M University  |b College Station  |c Sterling C. Evans Library  |d Evans: Microforms (3rd floor)  |t 0  |e film S 1707 1989-90, reel 8, fr. 00732.  |h Other scheme  |i microform -- microfilm reel 
998 f f |a film S 1707 1989-90, reel 8, fr. 00732.  |t 0  |l Evans: Microforms (3rd floor)